000 00354pam a2200157a 44500
008 230515b2010 xxu||||| |||| 00| 0 eng d
020 _aNULL
041 _aENGLISH
082 _a624.132 DAS
100 _aDAS BRAJA M
245 _aPRINCIPLES OF FOUNDATION ENGINEERING
250 _a6
260 _aNULL
_bNA
_c2010
300 _a445
650 _aNULL
999 _c637695
_d637695